Knots and links in three-dimensional flows

Αποθηκεύτηκε σε:
Λεπτομέρειες βιβλιογραφικής εγγραφής
Κύριος συγγραφέας: Ghrist, Robert W. 1969-
Άλλοι συγγραφείς: Holmes, Philip 1945-, Sullivan, Michael C. 1959-
Μορφή: Βιβλίο
Γλώσσα:English
Δημοσίευση: Berlin : New York : Springer, c1997
Σειρά:Lecture notes in mathematics (Springer-Verlag) ; 1654
Θέματα:
Ετικέτες: Προσθήκη ετικέτας
Δεν υπάρχουν, Καταχωρήστε ετικέτα πρώτοι!

MARC

LEADER 00000cam a2200000 i 4500
001 1/71597
008 990308s1997 eng d
020 |a 354062628X 
035 |l 10048364 
040 |a GR-MY-UA  |b eng  |e aacr 
041 0 |a eng 
082 0 |a 514.224 
100 1 |a Ghrist, Robert W.  |d 1969- 
245 1 0 |a Knots and links in three-dimensional flows /  |c Robert W. Ghrist, Philip J. Holmes, Michael C. Sullivan 
260 |a Berlin :   |a New York :   |b Springer,   |c c1997 
300 |a x, 208 p.;  |b ill.;  |c 24 cm. 
490 1 |a Lecture notes in mathematics (Springer-Verlag)  |v ; 1654 
500 |a Includes bibliographical references (p. 192-204) and index 
650 0 0 |a Flows (Differentiable dynamical systems) 
650 0 0 |a Knot theory. 
650 0 0 |a Link theory. 
700 1 |a Holmes, Philip  |d 1945- 
700 1 |a Sullivan, Michael C.  |d 1959- 
830 0 |a Lecture notes in mathematics (Springer-Verlag)  |v ; 1654 
852 |a INST  |b SAMOS  |e 19990308  |h 514.224 GHR  |p 005300013373  |q 005300013373  |t BK  |y 0 
901 |a BIBL-1999-1 
909 |a Σ  |b 062961 
922 |a 3ΕΛΗ  |b 199901  |c ΕΠΕΑΕΚ/ΜΑΘ  |d LEADER